000 00707nam a2200289Ia 4500
005 20260324112235.0
008 008 260324s9999 xx 000 0 eng d
020 _a9781003327295
037 _aEBOOK
040 _aCRL
040 _beng
040 _cCRL
041 _2eng
041 _aeng
084 _qCRL
100 _aMargaret Shewring; Association of British Theatre Technicians (ABTT)
_91141873
245 0 _aTheatre Buildings
245 2 _bA Design Guide
260 _bTaylor and Francis
260 _c2024
365 _a
365 _b83.99
856 _uhttp://www.taylorfrancis.com/books/9781003327295
942 _cEBOOK
999 _c1731011
_d1731011